Grafy a jejich aplikace

Gespeichert in:
Bibliographische Detailangaben
1. Verfasser: Demel, Jiří
Format: Buch
Sprache:Tschechisch
Veröffentlicht: Praha ACADEMIA 2002
Schlagworte:
Tags: Tag hinzufügen
Keine Tags, Fügen Sie das erste Tag hinzu!

MARC

LEADER 00000nam$a2200000$$$4500
001 0035300
005 20240226090319.6
020 |a 80-200-0990-6 
041 0 |a cze 
044 |a CZ 
245 1 0 |a Grafy a jejich aplikace  |c Jiří Demel 
264 1 |a Praha  |b ACADEMIA  |c 2002 
300 |a 257 s. 
610 2 0 |a grafy 
610 2 0 |a teória grafov 
610 2 0 |a algoritmy 
610 2 0 |a optimalizácia 
100 1 |a Demel, Jiří